| 000 | 00342nam a22001217a 4500 | ||
|---|---|---|---|
| 082 |
_a891.4392 _bWAS _cN-02,P-100 |
||
| 245 | _aدل دریا سمندر | ||
| 260 |
_aLahore, _bKashif Publication, _c2019. |
||
| 300 |
_a192p. _c24 cm. |
||
| 526 |
_a0 _b0 _c0 _d891_439200000000000_WAS |
||
| 650 |
_aUrdu Adab _bUrdu Books _951827 |
||
| 942 |
_2ddc _cBK |
||
| 999 |
_c554371 _d554371 |
||